LEADER 01038nam0-22003611i-450- 001 990006584330403321 005 20100609115106.0 035 $a000658433 035 $aFED01000658433 035 $a(Aleph)000658433FED01 035 $a000658433 100 $a20010426d--------km-y0itay50------ba 101 0 $aita 105 $ay-------001yy 200 1 $aStato e rivoluzione in Inghilterra$fdi Alessandro Piazzi, Mauro Segatori, Mario Tronti 210 $aMilano$cIl Saggiatore$d1977 215 $a329 p., 22 cm 225 1 $a<>spazio politico$v2 676 $a942.063$v19$zita 700 1$aPiazzi,$bAlessandro$0399165 702 1$aSegatori,$bMauro 702 1$aTronti,$bMario$f<1931- > 801 0$aIT$bUNINA$gRICA$2UNIMARC 901 $aBK 912 $a990006584330403321 952 $aCOLLEZ. 560 (2)$b12990$fFSPBC 952 $aDP VI-205$b6482$fDEC 952 $aTT 93$bs.i.$fDDCIC 959 $aFSPBC 959 $aDEC 959 $aDDCIC 996 $aStato e rivoluzione in Inghilterra$9591997 997 $aUNINA LEADER 00977nam0-22003371i-450- 001 990003978150403321 005 20031110105715.0 010 $a0-471-97730-6 035 $a000397815 035 $aFED01000397815 035 $a(Aleph)000397815FED01 035 $a000397815 100 $a20031110d1999----km-y0itay50------ba 101 0 $aeng 102 $aIT 105 $aa---a---001yy 200 1 $aSpeech recognition$etheory and C++ implementation$fClaudio Becchetti, Lucio Prina Ricotti 210 $aChichester [England]$cJohn Wiley & Sons$d1999 215 $axvii, 407 p.$cill.$d25 cm$ecd-rom 610 0 $aRiconoscimento della parola 610 0 $aC++ 676 $a006.454 700 1$aBecchetti,$bClaudio$0149983 701 1$aPrina Ricotti,$bLucio$0149984 801 0$aIT$bUNINA$gRICA$2UNIMARC 901 $aBK 912 $a990003978150403321 952 $a006.454-BEC-(1$b1607$fSC1 959 $aSC1 996 $aSpeech recognition$9473911 997 $aUNINA LEADER 01052nam 2200373 450 001 9910511447703321 005 20200808232630.0 010 $a3-8382-7244-7 035 $a(CKB)4100000011242092 035 $a(MiAaPQ)EBC6190925 035 $a(EXLCZ)994100000011242092 100 $a20200808h20202015 uy 0 101 0 $aeng 135 $aurcnu|||||||| 181 $ctxt$2rdacontent 182 $cc$2rdamedia 183 $acr$2rdacarrier 200 10$aWrit in water $ea journey of discovery /$fNina Selbst 210 1$aStuttgart :$cIbidem-Verlag,$d2020. 210 4$dİ2015 215 $a1 online resource (xlviii, 371 pages) $cillustrations 320 $aIncludes bibliographical references. 606 $aWater and civilization 608 $aElectronic books. 615 0$aWater and civilization. 676 $a809.933553 700 $aSelbst$b Nina$01067279 801 0$bMiAaPQ 801 1$bMiAaPQ 801 2$bMiAaPQ 906 $aBOOK 912 $a9910511447703321 996 $aWrit in water$92550829 997 $aUNINA